000 00329nam a22001337a 4500
008 170606b xxu||||| |||| 00| 0 eng d
020 _a9781608710058
041 _aeng
080 _a94(7'/8)
100 _a18
101 _aSHH
245 _aKEEPIMG THE REPUBLIC ESSENTIALS AMERICAN POLITICS
_cBARBOUR.CH
942 _2udc
_cBK
999 _c16071
_d16071